000
00338 a2200157 4500
001
50253
020
_a
9788516084912
040
_c
Anchieta - Bela Vista
100
_a
Foley, Jonh
240
1
0
_a
Smellybear
_l
245
1
0
_a
Smellybear
300
_a
24
362
0
_a
2013
650
4
_a
Literatura infanto-juvenil em inglês
942
_c
BK
999
_c
50253
_d
50253